000
00419nam a2200133Ia 4500
008
100328s9999 xx 000 0 und d
082
_b
7139
100
_a
वरेरकर भार्गवराम विठ्ठल
245
_a
हाच मुलाचा बाप
260
_b
---
630
_a
हाच मुलाचा बाप
730
_a
हाच मुलाचा बाप
942
_c
BOOK
999
_c
502989
_d
502986